|
|
|
|
| LEADER |
01998nam a2200541 a 4500 |
| 001 |
nkc20102105352 |
| 003 |
CZ PrNK |
| 005 |
20110628122353.0 |
| 007 |
ta |
| 008 |
100506s2010 xr acf g 000 1bcze |
| 015 |
|
|
|a cnb002105352
|
| 020 |
|
|
|a 978-80-253-1052-6
|q (váz.)
|
| 035 |
|
|
|a (OCoLC)649802142
|
| 040 |
|
|
|a OLA001
|b cze
|d ABA001
|
| 043 |
|
|
|a e-xr---
|
| 045 |
|
|
|a x9y1
|
| 072 |
|
7 |
|a 338.3/.4
|x Hospodářská a výrobní odvětví
|2 Konspekt
|9 4
|
| 072 |
|
7 |
|a 929
|x Biografie
|2 Konspekt
|9 8
|
| 080 |
|
|
|a 929
|2 MRF
|
| 080 |
|
|
|a 658.114-051
|2 MRF
|
| 080 |
|
|
|a 338.48
|2 MRF
|
| 080 |
|
|
|a (=521)
|2 MRF
|
| 080 |
|
|
|a (437.3)
|2 MRF
|
| 080 |
|
|
|a (092)
|2 MRF
|
| 100 |
1 |
|
|a Novák Večerníček, Jaroslav,
|d 1967-
|7 xx0053904
|4 aut
|4 ill
|
| 245 |
1 |
0 |
|a Tomio Okamura - Český sen /
|c [Jaroslav Novák Večerníček, Tomio Okamura]
|
| 246 |
3 |
0 |
|a Český sen
|
| 250 |
|
|
|a 1. vyd.
|
| 260 |
|
|
|a Praha :
|b Fragment,
|c 2010
|
| 300 |
|
|
|a 112 s., [16] s. barev. obr. příl. :
|b il., portréty ;
|c 24 cm
|
| 600 |
1 |
7 |
|a Okamura, Tomio,
|d 1972-
|7 xx0092464
|2 czenas
|
| 648 |
|
4 |
|a 1992-2010
|
| 650 |
0 |
7 |
|a podnikatelé
|7 ph124163
|z Česko
|y 20.-21. století
|2 czenas
|
| 650 |
0 |
7 |
|a Japonci
|7 ph117649
|z Česko
|2 czenas
|
| 650 |
0 |
7 |
|a cestovní ruch
|7 ph119113
|z Česko
|2 czenas
|
| 650 |
0 |
9 |
|a businessmen
|z Czechia
|y 20th-21st centuries
|2 eczenas
|
| 650 |
0 |
9 |
|a Japanese
|z Czechia
|2 eczenas
|
| 650 |
0 |
9 |
|a tourism
|z Czechia
|2 eczenas
|
| 655 |
|
7 |
|a biografie
|7 fd131909
|2 czenas
|
| 655 |
|
9 |
|a biography
|2 eczenas
|
| 700 |
1 |
|
|a Okamura, Tomio,
|d 1972-
|7 xx0092464
|4 aut
|
| 856 |
4 |
1 |
|u http://www.digitalniknihovna.cz/mzk/uuid/uuid:a263b2b0-1e71-11e7-9efd-005056827e52
|y Digitalizovaný dokument
|x NDK
|
| 910 |
2 |
|
|a BOA001
|b 2-1243.382
|
| 990 |
|
|
|a BK
|
| 995 |
|
|
|a 01
|
| 991 |
|
|
|b 201006
|c NOV
|
| 996 |
6 |
|
|b 2610437768
|c 2-1243.382
|l MZK
|r Sklad / do 1 hodiny
|n 16
|p p.v.
|w 001122430
|u 000010
|a 1
|e BOA001
|j MZK50
|s P
|
| 996 |
7 |
|
|b 2610483151
|c 2-1243.382
|l MZK
|r Sklad / do 1 hodiny
|n 23
|p kup
|w 001122430
|u 000020
|a 1
|e BOA001
|j MZK50
|s A
|